[Event "Deutsche Ländermeisterschaft 2012"]
[Site "Hannover GER"]
[Date "2012.10.03"]
[Round "7"]
[White "Stein, Robert"]
[Black "Nothnagel, Marian Can"]
[Result "0-1"]
[Termination "normal"]
[Board "3.7"]
[WhiteTitle "12"]
[BlackTitle "12"]
[WhiteElo "1644"]
[BlackElo "1738"]
[WhiteTeam "Sachsen-Anhalt"]
[BlackTeam "Hessen 1"]
[PlyCount "66"]
[WhiteFideId "12921084"]
[BlackFideId "12921530"]
[EventCountry "GER"]
[EventRounds "7"]
[EventType "team-swiss"]
[EventDate "2012.09.28"]

1. e4 e5 2. Nf3 Nc6 3. Bc4 Bc5 4. c3 Nf6 5. d3 d6 6. O-O O-O 7. Nbd2 Kh8 8. h3
Ng8 9. Re1 f5 10. Nf1 f4 11. d4 Bb6 12. a4 a6 13. Bb3 Qe7 14. Qd3 Bd7 15. N1d2
Rad8 16. Nc4 Ba7 17. Bc2 g5 18. b3 Qg7 19. Bb2 g4 20. hxg4 Bxg4 21. Nh2 Nf6 22.
Nxg4 Nxg4 23. Bd1 Rg8 24. Bf3 Qg5 25. Rad1 Qh4 26. Qc2 Nh2 27. Qe2 Qh3 28. Kh1
Qh4 29. Kg1 Rg5 30. dxe5 Rdg8 31. Nd2 Nxf3+ 32. Qxf3 Rxg2+ 33. Qxg2 Qxf2+ 0-1

[Event "Deutsche Ländermeisterschaft 2012"]
[Site "Hannover GER"]
[Date "2012.10.03"]
[Round "7"]
[White "Graf, Clara Victoria"]
[Black "Cejda, Cecilia"]
[Result "1-0"]
[Termination "normal"]
[Board "3.8"]
[WhiteTitle "12w"]
[BlackTitle "12w"]
[WhiteElo "1740"]
[BlackElo "1495"]
[WhiteTeam "Hessen 1"]
[BlackTeam "Sachsen-Anhalt"]
[PlyCount "63"]
[WhiteFideId "1270339"]
[BlackFideId "12921122"]
[EventCountry "GER"]
[EventRounds "7"]
[EventType "team-swiss"]
[EventDate "2012.09.28"]

1. e4 e5 2. Nf3 Nc6 3. Bb5 a6 4. Bxc6 dxc6 5. O-O f6 6. d4 exd4 7. Nxd4 c5 8.
Nb3 Qxd1 9. Rxd1 Bg4 10. f3 Be6 11. Bf4 c6 12. Nc3 b6 13. Na4 c4 14. Nd4 Bd7
15. Nxb6 Ra7 16. Nxd7 Rxd7 17. Nxc6 Bc5+ 18. Kf1 Rb7 19. Rd8+ Kf7 20. Rd5 Rb5
21. a4 Rxb2 22. Rxc5 g5 23. Bg3 Rxc2 24. Rb1 c3 25. Be1 Ra2 26. Bxc3 Rxa4 27.
Ra1 Rxa1+ 28. Bxa1 Nh6 29. Rxg5 fxg5 30. Bxh8 Ke6 31. Bc3 Kd6 32. Nb8 1-0

[Event "Deutsche Ländermeisterschaft 2012"]
[Site "Hannover GER"]
[Date "2012.10.03"]
[Round "7"]
[White "Krassowizkij, Jaroslaw"]
[Black "Bräuer, Franz"]
[Result "1-0"]
[Termination "normal"]
[Board "4.1"]
[WhiteTitle "20"]
[BlackTitle "18"]
[WhiteElo "2411"]
[BlackElo "2222"]
[WhiteTeam "Württemberg"]
[BlackTeam "Thüringen"]
[PlyCount "51"]
[WhiteFideId "1271703"]
[BlackFideId "24634468"]
[EventCountry "GER"]
[EventRounds "7"]
[EventType "team-swiss"]
[EventDate "2012.09.28"]

1. d4 Nf6 2. c4 e6 3. Nc3 Bb4 4. e3 b6 5. Nge2 Ba6 6. a3 Bxc3+ 7. Nxc3 d5 8.
Qf3 O-O 9. g4 c6 10. b3 Bb7 11. g5 Nfd7 12. Qg3 dxc4 13. bxc4 e5 14. Bg2 Ba6
15. O-O Bxc4 16. Rd1 Na6 17. dxe5 Qc7 18. Rd6 Nac5 19. Bxc6 Rad8 20. Ne4 Nxe5
21. Qxe5 Nxe4 22. Bb2 f6 23. Bd5+ Kh8 24. gxf6 gxf6 25. Rxf6 Qg7+ 26. Rg6 1-0

[Event "Deutsche Ländermeisterschaft 2012"]
[Site "Hannover GER"]
[Date "2012.10.03"]
[Round "7"]
[White "Urban, Lars"]
[Black "Kvetny, Mark"]
[Result "1/2-1/2"]
[Termination "normal"]
[Board "4.2"]
[WhiteTitle "16"]
[BlackTitle "16"]
[WhiteElo "2064"]
[BlackElo "2245"]
[WhiteTeam "Thüringen"]
[BlackTeam "Württemberg"]
[PlyCount "78"]
[WhiteFideId "4644034"]
[BlackFideId "24603929"]
[EventCountry "GER"]
[EventRounds "7"]
[EventType "team-swiss"]
[EventDate "2012.09.28"]

1. d4 Nf6 2. c4 e6 3. Nc3 Bb4 4. Qc2 d5 5. cxd5 exd5 6. Bg5 h6 7. Bxf6 Qxf6 8.
e3 Bf5 9. Bd3 Bxd3 10. Qxd3 c6 11. Nf3 Nd7 12. O-O O-O 13. a3 Bd6 14. b4 Qe7
15. b5 Nf6 16. bxc6 bxc6 17. Na4 Ne4 18. Rfc1 Rac8 19. Rc2 f5 20. g3 g5 21. Nc3
Qe6 22. Re1 Rf7 23. Ree2 Rb7 24. Ne1 Rb3 25. f3 Nf6 26. Rb2 Rcb8 27. Rxb3 Rxb3
28. Qc2 Rxa3 29. Nd3 g4 30. Nf4 Bxf4 31. exf4 Qd7 32. fxg4 Nxg4 33. h3 Qg7 34.
Qd2 Nf6 35. Qb2 Ra6 36. Qb8+ Kh7 37. Kh2 Ne4 38. Nxe4 fxe4 39. Rb2 Rb6 1/2-1/2

[Event "Deutsche Ländermeisterschaft 2012"]
[Site "Hannover GER"]
[Date "2012.10.03"]
[Round "7"]
[White "Braun, Georg"]
[Black "Sukaylo, Aleksey"]
[Result "1-0"]
[Termination "normal"]
[Board "4.3"]
[WhiteTitle "18"]
[BlackTitle "18"]
[WhiteElo "2196"]
[BlackElo "2011"]
[WhiteTeam "Württemberg"]
[BlackTeam "Thüringen"]
[PlyCount "57"]
[WhiteFideId "24629383"]
[BlackFideId "12912344"]
[EventCountry "GER"]
[EventRounds "7"]
[EventType "team-swiss"]
[EventDate "2012.09.28"]

1. e4 e5 2. Nf3 Nc6 3. d4 exd4 4. Nxd4 Nf6 5. Nxc6 bxc6 6. e5 Qe7 7. Qe2 Nd5 8.
c4 Nb6 9. Nc3 Qe6 10. Qe4 d5 11. exd6 cxd6 12. Be3 d5 13. cxd5 cxd5 14. Bb5+
Bd7 15. Bxd7+ Kxd7 16. Qd3 Be7 17. O-O-O Rhd8 18. Bxb6 axb6 19. Qxd5+ Ke8 20.
Qxe6 fxe6 21. Rxd8+ Rxd8 22. Rd1 Rc8 23. Kc2 Bc5 24. f3 Kf7 25. Kb3 Kf6 26.
Ne4+ Ke5 27. Rd7 Bf8 28. h4 Kf4 29. Rb7 1-0

[Event "Deutsche Ländermeisterschaft 2012"]
[Site "Hannover GER"]
[Date "2012.10.03"]
[Round "7"]
[White "Zahn, Alina"]
[Black "Zeller, Elisa"]
[Result "1/2-1/2"]
[Termination "normal"]
[Board "4.4"]
[WhiteTitle "14w"]
[BlackTitle "18w"]
[WhiteElo "1884"]
[BlackElo "1903"]
[WhiteTeam "Thüringen"]
[BlackTeam "Württemberg"]
[PlyCount "127"]
[WhiteFideId "24696730"]
[BlackFideId "24662410"]
[EventCountry "GER"]
[EventRounds "7"]
[EventType "team-swiss"]
[EventDate "2012.09.28"]

1. e4 c5 2. Nf3 e6 3. d4 cxd4 4. Nxd4 Nf6 5. Nc3 Nc6 6. Ndb5 Bb4 7. a3 Bxc3+ 8.
Nxc3 d5 9. exd5 exd5 10. Bd3 O-O 11. O-O d4 12. Ne4 Bf5 13. Bg5 Bxe4 14. Bxe4
h6 15. Bxf6 Qxf6 16. Re1 Rfe8 17. Qd2 Rad8 18. Re2 d3 19. Bxd3 Rxe2 20. Qxe2
Qxb2 21. Re1 Qxa3 22. Qe4 g6 23. Bc4 Qd6 24. h4 Kg7 25. Bd3 Qd4 26. Qf3 Qxh4
27. Re4 Qf6 28. Rf4 Qa1+ 29. Kh2 Qe5 30. Kg1 Qd5 31. Qg3 Ne5 32. Rf5 Re8 33.
Kh1 Qd4 34. Rf4 Qa1+ 35. Kh2 Nxd3 36. Qxd3 Qe5 37. g3 Re7 38. Qa3 b6 39. Rf3
Qc5 40. Qb2+ Qe5 41. Qa3 Rd7 42. Re3 Qh5+ 43. Kg2 Rd1 44. Qc3+ Kh7 45. Re1 Qd5+
46. Kg1 Rxe1+ 47. Qxe1 a5 48. Qe7 a4 49. Qa7 b5 50. Kh2 h5 51. Qe7 Qf5 52. Kg1
a3 53. Qxa3 Qxc2 54. Qe7 Qc4 55. Qf6 b4 56. Kg2 b3 57. Kh2 Qe6 58. Qd4 Qf5 59.
Kg2 g5 60. Qb4 Qd5+ 61. Kh2 Qf3 62. Kg1 g4 63. Qb5 Kg6 64. Qb6+ 1/2-1/2

[Event "Deutsche Ländermeisterschaft 2012"]
[Site "Hannover GER"]
[Date "2012.10.03"]
[Round "7"]
[White "Schmidt, Tobias"]
[Black "Schätz, Bianca"]
[Result "0-1"]
[Termination "normal"]
[Board "4.5"]
[WhiteTitle "14"]
[BlackTitle "18w"]
[WhiteElo "1834"]
[BlackElo "1811"]
[WhiteTeam "Württemberg"]
[BlackTeam "Thüringen"]
[PlyCount "34"]
[WhiteFideId "1271683"]
[BlackFideId "24655821"]
[EventCountry "GER"]
[EventRounds "7"]
[EventType "team-swiss"]
[EventDate "2012.09.28"]

1. e4 c5 2. c3 d5 3. exd5 Qxd5 4. d4 Nc6 5. Nf3 Bf5 6. Na3 cxd4 7. Bc4 Qe4+ 8.
Be3 O-O-O 9. cxd4 e5 10. O-O exd4 11. Ng5 dxe3 12. Qa4 exf2+ 13. Kh1 Qg4 14.
Nxf7 Bc5 15. Nxd8 Nxd8 16. h3 Qxh3+ 17. gxh3 Be4+ 0-1

[Event "Deutsche Ländermeisterschaft 2012"]
[Site "Hannover GER"]
[Date "2012.10.03"]
[Round "7"]
[White "Scheftlein, Richard"]
[Black "Höglauer, Patrick"]
[Result "1/2-1/2"]
[Termination "normal"]
[Board "4.6"]
[WhiteTitle "14"]
[BlackTitle "12"]
[WhiteElo "1827"]
[BlackElo "1883"]
[WhiteTeam "Thüringen"]
[BlackTeam "Württemberg"]
[PlyCount "73"]
[WhiteFideId "12945609"]
[BlackFideId "1270548"]
[EventCountry "GER"]
[EventRounds "7"]
[EventType "team-swiss"]
[EventDate "2012.09.28"]

1. d4 Nf6 2. Nf3 c5 3. e3 e6 4. Bd3 b6 5. O-O Bb7 6. Nbd2 cxd4 7. exd4 Be7 8.
c3 O-O 9. Re1 d6 10. Ne4 Nbd7 11. Bf4 Nxe4 12. Bxe4 Bxe4 13. Rxe4 Nf6 14. Re1
b5 15. a3 a5 16. Bg5 Qb6 17. Bxf6 Bxf6 18. Qd3 Rfc8 19. h3 Rc7 20. Kh2 Rac8 21.
Ng1 b4 22. axb4 axb4 23. Ra6 Qb8 24. Ne2 d5 25. g3 g6 26. Rea1 Kg7 27. R6a4 Rb7
28. Kg2 bxc3 29. bxc3 Rb2 30. R4a2 Rxa2 31. Rxa2 Qb3 32. Qc2 Qc4 33. Ra4 Qc6
34. h4 e5 35. Qb3 Qe6 36. dxe5 Qxe5 37. Nf4 1/2-1/2

[Event "Deutsche Ländermeisterschaft 2012"]
[Site "Hannover GER"]
[Date "2012.10.03"]
[Round "7"]
[White "Gaßmann, Linda"]
[Black "Nguyen, Huy Dat"]
[Result "1-0"]
[Termination "normal"]
[Board "4.7"]
[WhiteTitle "14w"]
[BlackTitle "12"]
[WhiteElo "1766"]
[BlackElo "1761"]
[WhiteTeam "Württemberg"]
[BlackTeam "Thüringen"]
[PlyCount "47"]
[WhiteFideId "12900451"]
[BlackFideId "12923486"]
[EventCountry "GER"]
[EventRounds "7"]
[EventType "team-swiss"]
[EventDate "2012.09.28"]

1. e4 c5 2. Nf3 Nc6 3. d4 cxd4 4. Nxd4 g6 5. Nc3 Bg7 6. Be3 Nf6 7. Nxc6 bxc6 8.
e5 Ng8 9. Bd4 Nh6 10. e6 O-O 11. Bxg7 Kxg7 12. exd7 Bxd7 13. Qd4+ f6 14. O-O-O
Bf5 15. Qc5 Qe8 16. Bd3 Bxd3 17. Rxd3 Rf7 18. Rhd1 e5 19. Ne4 Rc7 20. Nxf6 Kxf6
21. Qd6+ Kg7 22. Qxc7+ Nf7 23. Rd7 Kg8 24. Re7 1-0

[Event "Deutsche Ländermeisterschaft 2012"]
[Site "Hannover GER"]
[Date "2012.10.03"]
[Round "7"]
[White "Allin, Katharina"]
[Black "Lederer, Leia"]
[Result "1/2-1/2"]
[Termination "normal"]
[Board "4.8"]
[WhiteTitle "12w"]
[BlackTitle "12w"]
[WhiteElo "1135"]
[BlackElo "1624"]
[WhiteTeam "Thüringen"]
[BlackTeam "Württemberg"]
[PlyCount "55"]
[WhiteFideId "12903779"]
[BlackFideId "12926353"]
[EventCountry "GER"]
[EventRounds "7"]
[EventType "team-swiss"]
[EventDate "2012.09.28"]

1. e4 c5 2. Nf3 d6 3. d4 cxd4 4. Nxd4 Nf6 5. Nc3 Nc6 6. h3 e6 7. Be3 Be7 8. Bd3
a6 9. Qd2 Qc7 10. g4 b5 11. Nce2 Bb7 12. Ng3 Nd7 13. Nh5 Nde5 14. Qe2 O-O 15.
O-O-O Qa5 16. a3 b4 17. Nb3 Qa4 18. f4 Nd7 19. e5 Na5 20. exd6 Bf6 21. Nxf6+
Nxf6 22. Rhg1 bxa3 23. Nxa5 axb2+ 24. Kd2 Qxa5+ 25. c3 Rac8 26. Bd4 Qa2 27. Rb1
Rfd8 28. Ke1 1/2-1/2

[Event "Deutsche Ländermeisterschaft 2012"]
[Site "Hannover GER"]
[Date "2012.10.03"]
[Round "7"]
[White "Schmitt, Philipp"]
[Black "Schulenburg, Torben"]
[Result "0-1"]
[Termination "normal"]
[Board "5.1"]
[WhiteTitle "20"]
[BlackTitle "20"]
[WhiteElo "2200"]
[BlackElo "2060"]
[WhiteTeam "Baden"]
[BlackTeam "Hamburg"]
[PlyCount "122"]
[WhiteFideId "24641766"]
[BlackFideId "24648558"]
[EventCountry "GER"]
[EventRounds "7"]
[EventType "team-swiss"]
[EventDate "2012.09.28"]

1. e4 e6 2. d4 d5 3. Nc3 Nf6 4. e5 Nfd7 5. f4 c5 6. Nf3 Nc6 7. Be3 Be7 8. Qd2
O-O 9. Be2 a6 10. O-O b5 11. Nd1 Qb6 12. c3 a5 13. Nf2 b4 14. g4 Ba6 15. Bxa6
Qxa6 16. f5 bxc3 17. bxc3 Nb6 18. Bg5 Nc4 19. Qd3 Bxg5 20. Nxg5 h6 21. Nf3 cxd4
22. cxd4 Nb4 23. Qe2 f6 24. a3 Nxe5 25. Qd1 Nxf3+ 26. Qxf3 Nc2 27. Rad1 Qc4 28.
fxe6 Nxd4 29. Qd3 Nxe6 30. Qxd5 Qxd5 31. Rxd5 Rfd8 32. Rfd1 Rxd5 33. Rxd5 Ra7
34. Ne4 Nf4 35. Rb5 Ng6 36. Nd6 Ne5 37. h3 Kh7 38. a4 Kg6 39. Kg2 Rd7 40. Nb7
Rd2+ 41. Kg3 Rd3+ 42. Kg2 Rd4 43. Rxa5 Kg5 44. Nc5 Kh4 45. Rb5 Rd2+ 46. Kf1
Kxh3 47. a5 Ra2 48. a6 Kxg4 49. Rb4+ Kf5 50. Rb7 g6 51. Rc7 h5 52. a7 h4 53.
Nb3 g5 54. Nd4+ Kg4 55. Nc2 h3 56. Kf2 Kf4 57. Kg1 g4 58. Rb7 Kg3 59. Kh1 Rxc2
60. Rb1 Ra2 61. Rg1+ Kh4 0-1

[Event "Deutsche Ländermeisterschaft 2012"]
[Site "Hannover GER"]
[Date "2012.10.03"]
[Round "7"]
[White "Hinrichs, Jan"]
[Black "Becker, Matthias"]
[Result "0-1"]
[Termination "normal"]
[Board "5.2"]
[WhiteTitle "18"]
[BlackTitle "18"]
[WhiteElo "2038"]
[BlackElo "2024"]
[WhiteTeam "Hamburg"]
[BlackTeam "Baden"]
[PlyCount "102"]
[WhiteFideId "12907294"]
[BlackFideId "12915564"]
[EventCountry "GER"]
[EventRounds "7"]
[EventType "team-swiss"]
[EventDate "2012.09.28"]

1. d4 d6 2. Nf3 g6 3. e4 Bg7 4. Be3 a6 5. h3 e6 6. a4 b6 7. c3 Bb7 8. Nbd2 Ne7
9. b4 Nd7 10. Bd3 O-O 11. O-O h6 12. Qb3 Kh8 13. Nh2 f5 14. f4 Nf6 15. Qc2 Qd7
16. Rae1 Rae8 17. a5 Qc6 18. Bf2 fxe4 19. Nxe4 Nfd5 20. Be3 Nf5 21. Bd2 Nxb4
22. cxb4 Bxd4+ 23. Rf2 Qxc2 24. Bxc2 d5 25. Nc3 Bxf2+ 26. Kxf2 e5 27. g4 Nd4
28. Bxg6 Re6 29. Bb1 Nb3 30. Bf5 Rc6 31. Nb1 e4 32. Nf1 Rc2 33. Kg3 bxa5 34.
bxa5 c5 35. Ne3 Rxd2 36. Nxd2 Nxd2 37. Rd1 Nb3 38. Nxd5 Rd8 39. Bxe4 Nd4 40.
Rxd4 cxd4 41. Nf6 Bxe4 42. Nxe4 Rd5 43. h4 Rxa5 44. Kf3 Ra3+ 45. Kf2 a5 46. g5
a4 47. g6 Rh3 48. Nd6 Rxh4 49. f5 a3 50. Kg3 Rh1 51. Kg2 a2 0-1

[Event "Deutsche Ländermeisterschaft 2012"]
[Site "Hannover GER"]
[Date "2012.10.03"]
[Round "7"]
[White "Frey, Alisa"]
[Black "Hinrichs, Lars"]
[Result "1/2-1/2"]
[Termination "normal"]
[Board "5.3"]
[WhiteTitle "20w"]
[BlackTitle "16"]
[WhiteElo "2005"]
[BlackElo "1949"]
[WhiteTeam "Baden"]
[BlackTeam "Hamburg"]
[PlyCount "40"]
[WhiteFideId "24634662"]
[BlackFideId "12921769"]
[EventCountry "GER"]
[EventRounds "7"]
[EventType "team-swiss"]
[EventDate "2012.09.28"]

1. d4 d5 2. Nc3 Nf6 3. Bg5 Bf5 4. Bxf6 exf6 5. e4 dxe4 6. Qe2 Qd7 7. O-O-O Be7
8. Nxe4 O-O 9. f3 c6 10. h4 Be6 11. Kb1 Qd5 12. c4 Qa5 13. Qd2 Bb4 14. Qf4 Na6
15. Bd3 b5 16. Nxf6+ gxf6 17. Qh6 f5 18. Qg5+ Kh8 19. Qf6+ Kg8 20. Qg5+ Kh8
1/2-1/2

[Event "Deutsche Ländermeisterschaft 2012"]
[Site "Hannover GER"]
[Date "2012.10.03"]
[Round "7"]
[White "Krüger, David"]
[Black "Spiegelberg, Silvia"]
[Result "0-1"]
[Termination "normal"]
[Board "5.4"]
[WhiteTitle "12"]
[BlackTitle "16w"]
[WhiteElo "1786"]
[BlackElo "1900"]
[WhiteTeam "Hamburg"]
[BlackTeam "Baden"]
[PlyCount "78"]
[WhiteFideId "12921858"]
[BlackFideId "24654450"]
[EventCountry "GER"]
[EventRounds "7"]
[EventType "team-swiss"]
[EventDate "2012.09.28"]

1. e4 e5 2. Nf3 Nc6 3. Bb5 a6 4. Ba4 Nf6 5. O-O Nxe4 6. Re1 Nc5 7. Bxc6 dxc6 8.
Nxe5 Be7 9. Nc3 O-O 10. Ne2 f6 11. Nc4 Ne6 12. Ng3 Bc5 13. d3 b5 14. Nd2 Ng5
15. Nde4 Nxe4 16. Nxe4 Be7 17. Qf3 Re8 18. Be3 Be6 19. Bc5 Bd5 20. Bxe7 Rxe7
21. Qg4 Re5 22. f4 Re8 23. Nc3 Bf7 24. Rxe8+ Qxe8 25. Kf2 Bh5 26. Qg3 Qf8 27.
Qh3 Qc5+ 28. Qe3 Qf5 29. Ne4 Re8 30. Re1 Qd5 31. g4 Bf7 32. a3 Qd7 33. Rg1 a5
34. h3 Qe6 35. Re1 f5 36. gxf5 Qxf5 37. Qg3 Bg6 38. Qg4 Qf8 39. Kg3 a4 0-1

[Event "Deutsche Ländermeisterschaft 2012"]
[Site "Hannover GER"]
[Date "2012.10.03"]
[Round "7"]
[White "Riehle, Marco"]
[Black "Rogozenco, Teodora"]
[Result "0-1"]
[Termination "normal"]
[Board "5.5"]
[WhiteTitle "14"]
[BlackTitle "12w"]
[WhiteElo "1818"]
[BlackElo "1706"]
[WhiteTeam "Baden"]
[BlackTeam "Hamburg"]
[PlyCount "46"]
[WhiteFideId "12904392"]
[BlackFideId "12938084"]
[EventCountry "GER"]
[EventRounds "7"]
[EventType "team-swiss"]
[EventDate "2012.09.28"]

1. e4 c5 2. Nf3 d6 3. d4 cxd4 4. Nxd4 Nf6 5. Nc3 g6 6. Be3 Bg7 7. f3 Nc6 8. Qd2
O-O 9. O-O-O d5 10. Nxc6 bxc6 11. Bh6 Be6 12. Bxg7 Kxg7 13. e5 Nd7 14. Qe1 Nc5
15. g4 Qb6 16. f4 Rab8 17. b3 Bxg4 18. Be2 Bf5 19. h4 h5 20. Rg1 Kh7 21. Qg3
Rg8 22. Qg5 Qb4 23. Rg3 Ne6 0-1

[Event "Deutsche Ländermeisterschaft 2012"]
[Site "Hannover GER"]
[Date "2012.10.03"]
[Round "7"]
[White "Lemke, Berfin"]
[Black "Lohrmann, Tabea"]
[Result "1/2-1/2"]
[Termination "normal"]
[Board "5.8"]
[WhiteTitle "14w"]
[BlackTitle "12w"]
[WhiteElo "1544"]
[BlackElo "1449"]
[WhiteTeam "Hamburg"]
[BlackTeam "Baden"]
[PlyCount "46"]
[WhiteFideId "1270578"]
[BlackFideId "12911941"]
[EventCountry "GER"]
[EventRounds "7"]
[EventType "team-swiss"]
[EventDate "2012.09.28"]

1. e4 e5 2. Nf3 Nc6 3. d4 exd4 4. Nxd4 d5 5. Bb5 Nge7 6. Nc3 dxe4 7. Bxc6+ Nxc6
8. Nxc6 Qxd1+ 9. Kxd1 bxc6 10. Nxe4 Bd6 11. Be3 O-O 12. c3 Re8 13. Ng3 f5 14.
Ne2 a6 15. g3 Bb7 16. Kc2 c5 17. Rhe1 Be4+ 18. Kc1 Rab8 19. Ng1 c4 20. Ne2 Bd3
21. Nf4 Bxf4 22. gxf4 g6 23. Rd1 Red8 1/2-1/2

[Event "Deutsche Ländermeisterschaft 2012"]
[Site "Hannover GER"]
[Date "2012.10.03"]
[Round "7"]
[White "Möhn, Hans"]
[Black "Krause, Benedict"]
[Result "1/2-1/2"]
[Termination "normal"]
[Board "6.1"]
[WhiteTitle "16"]
[BlackTitle "16"]
[WhiteElo "2119"]
[BlackElo "2074"]
[WhiteTeam "Sachsen"]
[BlackTeam "Schleswig-Holstein"]
[PlyCount "41"]
[WhiteFideId "24647837"]
[BlackFideId "12917990"]
[EventCountry "GER"]
[EventRounds "7"]
[EventType "team-swiss"]
[EventDate "2012.09.28"]

1. d4 d5 2. c4 e6 3. Nc3 Be7 4. cxd5 exd5 5. Bf4 c6 6. Qc2 g6 7. e3 Bf5 8. Qd2
Nf6 9. h3 h5 10. Bd3 Bxd3 11. Qxd3 Nbd7 12. Nf3 Nf8 13. O-O Ne6 14. Bh2 O-O 15.
Ne5 Ng7 16. Rad1 Rc8 17. a3 a5 18. Kh1 Bd6 19. Rfe1 Re8 20. f3 Bb8 21. Re2
1/2-1/2

[Event "Deutsche Ländermeisterschaft 2012"]
[Site "Hannover GER"]
[Date "2012.10.03"]
[Round "7"]
[White "Richter, Leonard"]
[Black "Marx, Joschka"]
[Result "1-0"]
[Termination "normal"]
[Board "6.3"]
[WhiteTitle "14"]
[BlackTitle "20"]
[WhiteElo "1910"]
[BlackElo "2034"]
[WhiteTeam "Sachsen"]
[BlackTeam "Schleswig-Holstein"]
[PlyCount "117"]
[WhiteFideId "12900290"]
[BlackFideId "24645869"]
[EventCountry "GER"]
[EventRounds "7"]
[EventType "team-swiss"]
[EventDate "2012.09.28"]

1. e4 c6 2. d4 g6 3. Nc3 d5 4. e5 Bg7 5. f4 h5 6. Nf3 Bg4 7. h3 Bxf3 8. Qxf3 e6
9. Be3 h4 10. Be2 Nh6 11. O-O Nf5 12. Bf2 Nd7 13. b3 Bf8 14. Na4 Be7 15. c4 Qa5
16. Nc3 Bb4 17. Rfc1 Ba3 18. Rc2 Rc8 19. Qd3 Kf8 20. cxd5 cxd5 21. Nb5 Kg7 22.
Nxa3 Qxa3 23. Bg4 Rxc2 24. Qxc2 Nb6 25. Bxf5 gxf5 26. Qd2 Nd7 27. Rc1 Nf8 28.
Rc7 Ng6 29. Rxb7 Rc8 30. Be3 Qa6 31. Rb4 Qc6 32. Ra4 a6 33. Ra5 Qb6 34. Rc5 Rb8
35. Qa5 Qxa5 36. Rxa5 Rb6 37. Kf2 Kf8 38. Rc5 Rb7 39. Kf3 Ke7 40. Bf2 Kd7 41.
Be1 Rb8 42. b4 Rb5 43. a4 Rxc5 44. bxc5 Kc7 45. g3 hxg3 46. Kxg3 Kd7 47. Bb4
Kc6 48. h4 Kc7 49. Ba5+ Kc6 50. Bd8 Kd7 51. Bf6 Nf8 52. Bg7 Nh7 53. Kf3 Kc6 54.
Ke3 a5 55. Bf6 Kd7 56. Kf3 Kc7 57. Be7 Kd7 58. Bf6 Kc6 59. Bd8 1-0

[Event "Deutsche Ländermeisterschaft 2012"]
[Site "Hannover GER"]
[Date "2012.10.03"]
[Round "7"]
[White "Kololli, Kevin"]
[Black "Vogel, Roven"]
[Result "1/2-1/2"]
[Termination "normal"]
[Board "6.4"]
[WhiteTitle "12"]
[BlackTitle "12"]
[WhiteElo "1860"]
[BlackElo "1993"]
[WhiteTeam "Schleswig-Holstein"]
[BlackTeam "Sachsen"]
[PlyCount "120"]
[WhiteFideId "12936863"]
[BlackFideId "12908088"]
[EventCountry "GER"]
[EventRounds "7"]
[EventType "team-swiss"]
[EventDate "2012.09.28"]

1. e4 d6 2. d4 Nf6 3. Nc3 g6 4. f4 Bg7 5. Nf3 O-O 6. e5 dxe5 7. dxe5 Qxd1+ 8.
Kxd1 Nh5 9. Bd3 Nc6 10. Be3 Bg4 11. Ke2 Bh6 12. g3 f6 13. exf6 e5 14. fxe5 Nxe5
15. Be4 Nxf3 16. Bxf3 Bxf3+ 17. Kxf3 Rxf6+ 18. Bf4 Nxf4 19. gxf4 Rxf4+ 20. Ke2
Re8+ 21. Kd3 Rf3+ 22. Kc4 Bg7 23. Rad1 Bxc3 24. bxc3 Re2 25. Rd7 Rf7 26. Kd3
Rxd7+ 27. Kxe2 Rd6 28. Rb1 b6 29. Rb4 Kf7 30. Rh4 h5 31. Rf4+ Rf6 32. Rc4 c6
33. h4 Ke7 34. Ke3 Kd6 35. Rd4+ Kc5 36. Kd3 Rf3+ 37. Kd2 Rg3 38. a3 Rg4 39.
Rxg4 hxg4 40. Ke3 Kc4 41. Kf4 Kxc3 42. Kxg4 Kxc2 43. Kg5 Kb3 44. Kxg6 c5 45. h5
c4 46. h6 c3 47. h7 c2 48. h8=Q c1=Q 49. Qh3+ Ka2 50. Qe6+ Kb2 51. Qe7 Qg1+ 52.
Kf7 Qf1+ 53. Ke8 Qb5+ 54. Kd8 a5 55. Qf6+ Kxa3 56. Qa1+ Kb4 57. Qb2+ Kc5 58.
Qe5+ Kc6 59. Qe6+ Kc5 60. Qe5+ Kc4 1/2-1/2

[Event "Deutsche Ländermeisterschaft 2012"]
[Site "Hannover GER"]
[Date "2012.10.03"]
[Round "7"]
[White "Scholz, Robert"]
[Black "Janke, Hendrik"]
[Result "1-0"]
[Termination "normal"]
[Board "6.5"]
[WhiteTitle "14"]
[BlackTitle "14"]
[WhiteElo "1901"]
[BlackElo "1787"]
[WhiteTeam "Sachsen"]
[BlackTeam "Schleswig-Holstein"]
[PlyCount "93"]
[WhiteFideId "1270301"]
[BlackFideId "12921831"]
[EventCountry "GER"]
[EventRounds "7"]
[EventType "team-swiss"]
[EventDate "2012.09.28"]

1. e4 e5 2. Nf3 Nc6 3. Bc4 Bc5 4. c3 d6 5. d3 Nf6 6. Bb3 Bg4 7. Nbd2 h6 8. h3
Bh5 9. Nf1 Qd7 10. Bc2 a6 11. Qe2 O-O-O 12. b4 Ba7 13. Be3 Bxe3 14. Nxe3 d5 15.
Nf5 d4 16. g4 Bg6 17. c4 Bxf5 18. gxf5 Rhe8 19. Rb1 g6 20. fxg6 fxg6 21. Ba4
Nh5 22. Qc2 Qf7 23. Nh2 Rf8 24. Bxc6 bxc6 25. Rb2 Qf4 26. Qd2 Rd7 27. Ng4 Qf3
28. Rh2 Re7 29. a4 Nf4 30. Rb3 h5 31. Ne3 dxe3 32. fxe3 Qg3+ 33. Kd1 Nxh3 34.
Re2 Nf2+ 35. Kc2 h4 36. b5 cxb5 37. axb5 axb5 38. Qa5 Kd7 39. Qa6 Qg1 40. Rb1
Qg4 41. Qxb5+ c6 42. Qb7+ Kd6 43. c5+ Ke6 44. Qxc6+ Kf7 45. Rxf2+ Kg7 46. Rxf8
Kxf8 47. Qf6+ 1-0

[Event "Deutsche Ländermeisterschaft 2012"]
[Site "Hannover GER"]
[Date "2012.10.03"]
[Round "7"]
[White "Rosmait, Emily"]
[Black "Nobis, Anna"]
[Result "0-1"]
[Termination "normal"]
[Board "6.6"]
[WhiteTitle "14w"]
[BlackTitle "14w"]
[WhiteElo "1634"]
[BlackElo "1666"]
[WhiteTeam "Schleswig-Holstein"]
[BlackTeam "Sachsen"]
[PlyCount "74"]
[WhiteFideId "12937754"]
[BlackFideId "1270302"]
[EventCountry "GER"]
[EventRounds "7"]
[EventType "team-swiss"]
[EventDate "2012.09.28"]

1. e4 c5 2. Nc3 Nc6 3. g3 g6 4. Bg2 Bg7 5. Nge2 e6 6. O-O Nge7 7. d3 O-O 8. Be3
Nd4 9. Qd2 d6 10. Nd1 Nxe2+ 11. Qxe2 Rb8 12. a4 Qa5 13. Bd2 Qc7 14. f4 a6 15.
g4 f5 16. g5 b5 17. axb5 axb5 18. Be3 Bb7 19. c3 c4 20. Nf2 cxd3 21. Qxd3 fxe4
22. Nxe4 Nf5 23. Bf2 e5 24. fxe5 dxe5 25. Ra7 Qc8 26. Rd1 Rf7 27. Rda1 Bc6 28.
Rxf7 Kxf7 29. Nd6+ Nxd6 30. Qxd6 Bxg2 31. Kxg2 Qg4+ 32. Kf1 Qc4+ 33. Kg1 Rf8
34. Ra7+ Kg8 35. Qe7 Qg4+ 36. Kf1 Qd1+ 37. Kg2 Qf3+ 0-1